LEADER 00823nam0-22002891i-450- 001 990000840980403321 005 20070515110145.0 035 $a000084098 035 $aFED01000084098 035 $a(Aleph)000084098FED01 035 $a000084098 100 $a20020821d--------km-y0itay50------ba 101 0 $aita 105 $ay-------001yy 200 1 $aProcess Systems Analysis and Control$fD.R. Coughanowr, L. Koppel 210 $aTokyo$cMcGraw-Hill Kogakusha$dLtd.$d1965 215 $aXII, 491 p.$d21 cm 676 $a629.8 700 1$aCoughanowr,$bDonald R.$0532 702 1$aKoppel,$bLowell B. 801 0$aIT$bUNINA$gRICA$2UNIMARC 901 $aBK 912 $a990000840980403321 952 $a02 49 A 22$b2051$fFINBN 959 $aFINBN 996 $aProcess systems analysis and control$973403 997 $aUNINA LEADER 03362nam 2200757Ia 450 001 9910454218503321 005 20200520144314.0 010 $a1-281-93782-7 010 $a9786611937829 010 $a92-4-068348-8 035 $a(CKB)1000000000720964 035 $a(EBL)380887 035 $a(OCoLC)503443982 035 $a(SSID)ssj0000107180 035 $a(PQKBManifestationID)11133178 035 $a(PQKBTitleCode)TC0000107180 035 $a(PQKBWorkID)10014154 035 $a(PQKB)10650886 035 $a(MiAaPQ)EBC380887 035 $a(Au-PeEL)EBL380887 035 $a(CaPaEBR)ebr10266348 035 $a(CaONFJC)MIL193782 035 $a(EXLCZ)991000000000720964 100 $a20081106d2008 uf 0 101 0 $aeng 135 $aur|n|---||||| 181 $ctxt 182 $cc 183 $acr 200 00$aAtlas$b[electronic resource] $emultiple sclerosis resources in the world, 2008 210 $aGeneva, Switzerland $cWorld Health Organization$dc2008 215 $a1 online resource (53 p.) 300 $a"Joint report by the World Health Organization and the Multiple Sclerosis International Federation." 300 $a"Tarun Dua and Paul Rompani were responsible for completion of the data collection, data analyses, overall project management and the writing of this report." 311 $a92-4-156375-3 327 $aCOVER; COPYRIGHT; TABLE OF CONTENTS; FOREWORD; PREFACE; ACKNOWLEDGEMENTS; INTRODUCTION; METHODOLOGY; RESULTS BY THEMES; SUMMARY RESULTS; THE WAY FORWARD; LIST OF RESPONDENTS; ANNEX: GLOSSARY 330 $aMultiple sclerosis (MS) is one of the most common neurological disorders and causes of disability in young adults. Although some people with MS experience little disability during their lifetime, up to 60% are no longer fully ambulatory 20 years after onset, with major implications for their quality of life and the financial cost to society. This new publication from the World Health Organization and the Multiple Sclerosis International Federation (MSIF) presents evidence on the global epidemiology of multiple sclerosis and the resources to diagnose, treat, rehabilitate, support and provide se 606 $aMultiple sclerosis$vStatistics 606 $aMultiple sclerosis$vAtlases 606 $aMultiple sclerosis$xEpidemiology 606 $aMultiple sclerosis$xPatients$xServices for 606 $aMultiple sclerosis$xethnology$vAtlases 606 $aMultiple sclerosis$xEpidemiology$vAtlases 606 $aMultiple sclerosis$xClassification$vAtlases 606 $aPeople with disabilities 608 $aElectronic books. 615 0$aMultiple sclerosis 615 0$aMultiple sclerosis 615 0$aMultiple sclerosis$xEpidemiology. 615 0$aMultiple sclerosis$xPatients$xServices for. 615 0$aMultiple sclerosis$xethnology 615 0$aMultiple sclerosis$xEpidemiology 615 0$aMultiple sclerosis$xClassification 615 0$aPeople with disabilities. 676 $a616.8340021 701 $aDua$b Tarun$0996957 701 $aRompani$b Paul$0996958 712 02$aWorld Health Organization. 712 02$aMultiple Sclerosis International Federation. 801 0$bMiAaPQ 801 1$bMiAaPQ 801 2$bMiAaPQ 906 $aBOOK 912 $a9910454218503321 996 $aAtlas$92286190 997 $aUNINA